Globalizing Chinese Migration (Record no. 489338)

MARC details
000 -LEADER
fixed length control field 00809nam a2200265Ia 4500
003 - CONTROL NUMBER IDENTIFIER
control field OSt
005 - DATE AND TIME OF LATEST TRANSACTION
control field 20220925173913.0
008 - FIXED-LENGTH DATA ELEMENTS--GENERAL INFORMATION
fixed length control field 220923b |||||||| |||| 00| 0 eng d
020 ## - INTERNATIONAL STANDARD BOOK NUMBER
International Standard Book Number 0754617939
037 ## - SOURCE OF ACQUISITION
Terms of availability General Book
040 ## - CATALOGING SOURCE
Original cataloging agency RTL
Transcribing agency RTL
Language of cataloging eng
041 ## - LANGUAGE CODE
Source of code eng
Language code of text/sound track or separate title eng
100 ## - MAIN ENTRY--PERSONAL NAME
Personal name Nyiri Pal
9 (RLIN) 245284
245 #0 - TITLE STATEMENT
Title Globalizing Chinese Migration
Remainder of title Trends in Europe and Asia
260 ## - PUBLICATION, DISTRIBUTION, ETC.
Place of publication, distribution, etc. Burlington
Name of publisher, distributor, etc. Ashgate
Date of publication, distribution, etc. 2002
300 ## - PHYSICAL DESCRIPTION
Extent x,343p
Dimensions cm.
490 ## - SERIES STATEMENT
Series statement Research in Migration and Ethnic Relation Series
500 ## - GENERAL NOTE
General note Bibliography chapterwise
700 ## - ADDED ENTRY--PERSONAL NAME
Personal name Saveliev Igor Ed.
9 (RLIN) 245285
942 ## - ADDED ENTRY ELEMENTS (KOHA)
Classification part Y741:582.5.P, P2
Koha item type General Books
Source of classification or shelving scheme Colon Classification (CC)
Holdings
Withdrawn status Lost status Damaged status Not for loan Home library Current library Date acquired Total Checkouts Full call number Barcode Date last seen Price effective from Koha item type
        Ratan Tata Library Ratan Tata Library 2022-09-25   Y741:582.5.P P2 RT1323859 2022-09-25 2022-09-25 General Books
Copyright @ Delhi University Library System